| 000 | 01016 a2200229 4500 | ||
|---|---|---|---|
| 003 | Nust | ||
| 005 | 20230113154544.0 | ||
| 010 | _a 94019934 | ||
| 020 | _a0024041149 | ||
| 040 | _cNust | ||
| 082 | 0 | 0 | _a651.7,ROW |
| 100 | 1 |
_aRowe, Stanford H. _9106807 |
|
| 245 | 1 | 0 |
_aTelecommunications for managers / _cStanford H. Rowe, II. |
| 250 | _a3rd ed. | ||
| 260 |
_aEnglewood Cliffs, N.J. : _bPrentice Hall, _cc1995. |
||
| 300 |
_axxii, 698 p. : _bcol. ill., col. maps ; _c24 cm. |
||
| 505 | _aIntroduction to the business telecommunications environment.(Page-1), Telecommunications applications—how the enterprise uses telecommunications. (Page-91), The user interface to the network. (Page-217), How data is communicated—the technical data. (Page-255), Communications networks. (Page-397), Managing the telecommunications department. (Page-579). | ||
| 650 | 0 |
_aBusiness _xCommunication systems. _9106808 |
|
| 650 | 0 | _aTelecommunication Engineering | |
| 700 | 1 |
_aRowe, Stanford H. _9106807 |
|
| 942 |
_cREF _2ddc |
||
| 999 |
_c175984 _d175984 |
||